Le nom des habitants par pays #5 - Statistiques

Statistiques générales
  • Ce quiz a été pris 259 fois
  • Le résultat moyen est 11 sur 16
Statistiques - réponses
Pays Gentilé % Correct
Ecosse Ecossais
98%
Congo Congolais
97%
Syrie Syrien
97%
Bulgarie bulgene
92%
Guinée Guinéen
88%
Irak Irakien
88%
Pays-Bas Néerlandais
87%
Bénin Béninois
84%
Tibet Tibétain
81%
Afrique du Sud Sud-africain
72%
Belize Bélizien
53%
Turkménistan Turkmène
32%
Sainte-Lucie Lucien
31%
Andorre Andorran
30%
Vanatu Vanuatais
19%
Nauru Nauruan
12%
Aucun quiz correspondant
Distribution des résultats
% des personnes avec chaque résultat
Percentile par nombre de réponses
Votre historique - résultats
Vous n’avez pas pris ce quiz